Revista Chilena de Derecho animal

Detalles Bibliográficos
Formato: eBook
Lenguaje:español
Materias:
Acceso en línea:Acceso restringido

MARC

LEADER 00000nam a22000007a 4500
005 20210716222335.0
007 cr|||| ||||
008 210716c20209999cl fr|w s|||| 0|||b1spa d
035 |a 33119 
040 |a vLex 
090 |c 11859  |d 11859 
245 0 0 |a Revista Chilena de Derecho animal  |h [Recurso electrn̤ico] / 
256 |a Servicio en ln̕ea 
300 |a 1 recurso electrn̤ico 
310 |a Semestral 
506 1 |a Disponible solo en los productos indicados  |d vLex Global  |d vLex Global (Academic Edition, excluding Law Schools)  |d vLex Global (U.S. Academic Edition, Law Schools)  |d vLex Global (U.S. Academic Edition, excluding Law Schools)  |d vLex Global (Academic Edition, Law Schools) 
650 0 4 |a Derecho del Medio Ambiente  |z Chile 
740 0 |a vLex Revistas (Servicio en ln̕ea) 
856 4 0 |u https://vlex.com/source/revista-chilena-de-derecho-animal-33119  |z Acceso restringido 
942 |c REV 
999 0 |a Environmental Law